| 000 | 00391 a2200157 4500 | ||
|---|---|---|---|
| 001 | 149802 | ||
| 040 | _cEscola São Tomás de Aquino | ||
| 100 | _aCANTON, Katia | ||
| 240 | 1 | 0 |
_aDebaixo de uma cerejeira _lpor |
| 245 | 1 | 0 | _aDebaixo de uma cerejeira |
| 300 | _a23 | ||
| 362 | 0 | _a1997 | |
| 440 | 1 | _aDifusão Cultural do Livro | |
| 697 | _aFolclore / Adivinhações / Lendas | ||
| 942 | _cBK | ||
| 999 |
_c149802 _d149802 |
||